Logo BPK

Biblioteka

Politechniki Koszalińskiej

Podręcznik do nauczania rosyjskiego języka technicznego w laboratorium językowym na Wydziale Elektrycznym / (Rekord nr 17760)

Szczegóły MARC
000 -ETYKIETA REKORDU
podpole kontrolne o stałej długości 00534nam a2200169 i 4500
001 - NUMER KONTROLNY REKORDU
pole kontrolne bg
040 ## - ŹRÓDŁO KATALOGOWANIA
Instytucja, która utworzyła rekord BPK
041 ## - KOD JĘZYKA
Kod języka tekstu pol
080 ## - UNIWERSALNA KLASYFIKACJA DZIESIĘTNA - UKD
UKD 808.2:621.3
008 - POLE O STAŁEJ DŁUGOŚCI - DANE KONTROLNE
podpole kontrolne o stałej długości s pl f |000 0 pol
100 1# - NAZWA OSOBOWA
Nazwa osobowa GENIUSZ-WÓJCIK, Teresa
245 #0 - TYTUŁ/ODPOWIEDZIALNOŚĆ
Tytuł Podręcznik do nauczania rosyjskiego języka technicznego w laboratorium językowym na Wydziale Elektrycznym /
Pozostałe elementy strefy tytułu i oznaczenia odpowiedzialności Teresa Geniusz-Wójcik, Adam Murmyło.
260 ## - STREFA ADRESU WYDAWNICZEGO
Miejsce wydania Częstochowa :
Nazwa wydawcy/dystrybutora Polit. Częstochowska,
Data publikacji, dystrybucji/powstania dokumentu 1977.
300 ## - STREFA OPISU FIZYCZNEGO
Objętość s. 217.
700 1# - HASŁO DODATKOWE - NAZWA OSOBOWA
Nazwa osobowa MURMYŁO, Adam
856 ## - LOKALIZACJA I DOSTĘP DO ELEKTRONICZNYCH DOKUMENTÓW ZDALNYCH
Link (URL) http://koha.tu.koszalin.pl/cgi-bin/koha/opac-detail.pl?biblionumber=17760
Tekst linku Katalog online BPK
942 ## - DODATKOWE ELEMENTY (KOHA)
Typ dokumentu Książka
Egzemplarze
Wycofany Status egzemplarza Uszkodzony Dostępność Lokalizacja stała Lokalizacja bieżąca Miejsce przechowywania Sygnatura Kod kreskowy Typ dokumentu
      Dostępny Biblioteka Politechniki Koszalińskiej Biblioteka Politechniki Koszalińskiej Wypożyczalnia BG 23337 01687538 Książka
© 2023 Biblioteka Politechniki Koszalińskiej :: KOHA